Capitals that Begin and End in same Letter - Statistics

General Stats
  • This quiz has been taken 206 times
    201 since last reset
  • The average score is 9 of 12
Answer Stats
Answer % Correct
Abuja
88%
Accra
88%
Ankara
87%
Oslo
87%
Asmara
82%
Addis Ababa
81%
Apia
79%
Nur-Sultan
76%
Andorra la Vella
73%
Warsaw
69%
Tashkent
68%
Saint George's
49%
No matching quizzes found
Score Distribution
Percent of People with Each Score
Percentile by Number Answered
Your Score History
You have not taken this quiz since the last reset